| 000 | 00000nas 2200000za 4500 |
| 001 | 9.505239 |
| 003 | CaOODSP |
| 005 | 20230206090501 |
| 007 | cr ||||||||||| |
| 008 | 150406d20002012xxc|| m o||||f| |0eng|d |
| 040 | |aCaOODSP|beng |
| 043 | |an-cn--- |
| 086 | 1 |aPS83-2E-PDF |
| 110 | 1 |aCanada. |bPublic Safety Canada. |
| 245 | 10|aAboriginal peoples collection. |
| 264 | 1|aOttawa, Ontario : |bPublic Safety Canada, |c2006-2012. |
| 310 | |aIrregular |
| 362 | 1 |aAPC 25 CA - APC 27 CA |
| 500 | |aThe year of publication of the first issue (APC 25 CA) published by Public Safety Canada is given differently in the English edition (2006) and in the French edition (2007). |
| 775 | 08|tCollection sur les autochtones.|w(CaOODSP)9.501639 |
| 776 | 0#|tAboriginal peoples collection |w(CaOODSP)9.515500 |
| 780 | 00|tAboriginal peoples collection |w(CaOODSP)9.506615 |